M.I.S. in directorate general of supplies and disposals (Record no. 501490)

000 -LEADER
fixed length control field 00376cam a22001217a 4500
008 - FIXED-LENGTH DATA ELEMENTS--GENERAL INFORMATION
fixed length control field 180718b1989 xxu||||| |||| 00| 0 eng d
082 ## - DEWEY DECIMAL CLASSIFICATION NUMBER
Classification number APPPA 88-89 SHA
100 ## - MAIN ENTRY--PERSONAL NAME
Personal name Shankar, N.
245 ## - TITLE STATEMENT
Title M.I.S. in directorate general of supplies and disposals
Statement of responsibility, etc. by N. Shankar
260 ## - PUBLICATION, DISTRIBUTION, ETC.
Place of publication, distribution, etc. New Delhi
Name of publisher, distributor, etc. Indian Institute of Public Administration
Date of publication, distribution, etc. 1989
300 ## - PHYSICAL DESCRIPTION
Extent 115p.
650 ## - SUBJECT ADDED ENTRY--TOPICAL TERM
Topical term or geographic name entry element M.I.S.
Holdings
Withdrawn status Lost status Damaged status Not for loan Permanent Location Current Location Date acquired Full call number Barcode Date last seen Price effective from Koha item type
        Indian Institute of Public Administration Indian Institute of Public Administration 2018-08-04 APPPA 88-89 SHA GR12192 2018-08-04 2018-08-04 GR

Powered by Koha